| 000 | 00580nam a2200145Ia 4500 | ||
|---|---|---|---|
| 008 | 260210s9999 xx 000 0 und d | ||
| 024 | _a15B-075-BS, 15B-077-BS & 15B-101-BS | ||
| 082 | _a005.199072 UZA | ||
| 100 | _aS.M. Uzair, Faizan Abbasi & Areeb Iqbal | ||
| 245 | 0 | _aImage Detection with Real Time Object Classification (CODE BOOK) | |
| 260 |
_aKarachi: _bUITU, _c2015 |
||
| 600 | _aComputer Science | ||
| 650 | _aBachelor of Computer Science (BS) | ||
| 856 |
_uhttps://drive.google.com/file/d/19iPa1VJrRw0phxHqYbgNCbCP9gWwGyYQ/view?usp=sharing _yClick here for PDF |
||
| 999 |
_c32331 _d32331 |
||